Managing, controlling and improving quality

Salvato in:
Dettagli Bibliografici
Autore principale: Montgomery, Douglas C.
Altri autori: Jennings, Cheryl L., Pfund, Michele E.
Natura: Libro
Lingua:inglese
Pubblicazione: Hoboken John Wiley & Sons Wiley 2011
Soggetti:
Tags: Aggiungi Tag
Nessun Tag, puoi essere il primo ad aggiungerne!!

MARC

LEADER 00000nam a2200000 4500
001 0125164
005 20240226124352.5
020 |a 978-0-471-69791-6 
041 0 |a eng 
044 |a US 
245 1 0 |a Managing, controlling and improving quality  |c Douglas C. Montgomery, Cheryl L. Jennings, Michele E. Pfund 
264 1 |a Hoboken  |b John Wiley & Sons Wiley  |c 2011 
300 |a 501 s. 
610 2 0 |a podnik 
610 2 0 |a riadenie kvality 
610 2 0 |a manažment 
610 2 0 |a kontrola kvality 
610 2 0 |a produkty 
610 2 0 |a služby 
610 2 0 |a metódy štatistické 
610 2 0 |a nástroje ekonomické 
100 1 |a Montgomery, Douglas C. 
700 1 |a Jennings, Cheryl L. 
700 1 |a Pfund, Michele E.